000 02068nam0a2200457 4500
001 RU\NLR\bibl\1221701
005 20260408202627.0
010 _a978-5-9265-0515-0
_94000
021 _aRU
_b2008-18145
_9990
035 _a(NLR Aleph) 001208047
035 _a(nilc)EL/0000172702
090 _a60342
_c60342
100 _a20080208d2008 u y0rusy50 ca
101 0 _arus
102 _aRU
105 _ay |||||||||
200 1 _aСекретная Антарктида, или Русская разведка на Южном Полюсе
_fОльга Грейгъ
210 _aМосква
_cАлгоритм
_d2008
215 _a286, [1] с.
_d21
225 1 _aИсторический триллер
517 0 _aРусская разведка на Южном Полюсе
_zrus
606 1 _aВоенные базы немецкие
_yАнтарктида
_z1933 - 1945
_92475264
_3RU\NLR\auth\661469801
606 1 _aВоенные базы советские
_yАнтарктида
_z1930 - 1940-ые гг.
_92549271
_3RU\NLR\auth\661508617
606 _aРазведка (воен.) советская
_xИстория
_z1930 - 1940-ые гг.
_3RU\NLR\auth\661508619
_92549275
607 _aСССР
_xВоенно-техническое сотрудничество
_yГермания
_z1930 - 1940-ые гг.
_92549277
_3RU\NLR\auth\661508620
607 _aГермания
_xВоенно-техническое сотрудничество
_yСССР
_z1930 - 1940-ые гг.
_92549278
_3RU\NLR\auth\661508621
686 _a67.401.212
_vLBC/PL
_2rubbk
686 _aЦ8(4Г)34
686 _aЦ8(2)34
686 _aЦ68,6(2)-1
686 _aЦ8(2)2г
686 _aЦ8(4Г)2г
700 1 _4070
_8rus
_7ca
_aГрейгъ
_bО. И.
_f1963-
_gОльга Ивановна
_3RU\NLR\AUTH\77101792
_984718
801 0 _aRU
_bЦУНБ Москва
_c20080208
_grcr
801 1 _aRU
_bЦУНБ Москва
_c20080208
_2rusmarc
801 2 _aRU
_bNLR
_c20080430
_grcr
830 _aавт. по кн.
942 _cBOOK
980 _aNB